|
|
|
|
| LEADER |
00000nam a2200000 i 4500 |
| 001 |
1/75209 |
| 008 |
050414s2004 eng d |
| 020 |
|
|
|a 0-471-31793-4 (τ.4)
|
| 035 |
|
|
|l 10077643
|
| 040 |
|
|
|a GR-MY-UA
|b gre
|e aacr
|
| 041 |
0 |
|
|a eng
|
| 082 |
0 |
|
|a 621.3678
|2 (21)
|
| 245 |
1 |
0 |
|a Remote sensing for natural resource management and environmental monitoring /
|c edited by Susan L. Ustin
|
| 250 |
|
|
|a 3rd ed.
|
| 260 |
|
|
|a Hoboken, NJ :
|b Wiley,
|c c2004
|
| 300 |
|
|
|a xxxii, 736 σ.;
|b εικ., χάρτες;
|c 26 εκ.+
|e 1 οπτική δισκέτα λέϊζερ Η/Υ (4 3/4 ίν.)
|
| 500 |
|
|
|a Published in cooperation with the American Society for Photogrammetry and Remote Sensing
|
| 504 |
|
|
|a Περιέχει βιβλιογραφικές παραπομπές και ευρετήριο
|
| 650 |
0 |
0 |
|a Natural resources
|x Management
|x Remote sensing.
|
| 650 |
0 |
0 |
|a Environmental monitoring
|x Remote sensing.
|
| 700 |
1 |
|
|a Ustin, Susan L.
|4 edt
|
| 710 |
2 |
|
|a American Society for Photogrammetry and Remote Sensing.
|
| 774 |
1 |
|
|t Manual of remote sensing
|
| 852 |
|
|
|a INST
|b LESVOS
|e 20050414
|h 621.3678 REM
|p 005100027720
|q 005100027720
|t BK
|y 0
|z τ.4
|
| 852 |
|
|
|a INST
|b LESVOS
|e 20080410
|h 621.3678 REM
|p 005100039568
|q 005100039568
|t BK
|y 0
|z τ.4
|
| 852 |
|
|
|a INST
|b LESVOS
|e 20110211
|h 621.3678 REM
|p 005100049421
|q 005100049421
|t BK
|y 0
|z τ.4
|
| 852 |
|
|
|a INST
|b LESVOS
|e 20050414
|h 621.3678 REM
|p 005100027720
|q 005100027720
|t BK
|v τ.4:
|y 0
|z τ.4
|
| 852 |
|
|
|a INST
|b LESVOS
|e 20080410
|h 621.3678 REM
|p 005100039568
|q 005100039568
|t BK
|v τ.4:
|y 0
|z τ.4
|
| 852 |
|
|
|a INST
|b LESVOS
|e 20110211
|h 621.3678 REM
|p 005100049421
|q 005100049421
|t BK
|v τ.4:
|y 0
|z τ.4
|
| 852 |
|
|
|a INST
|b LESVOS
|e 20050518
|h 621.3678 REM
|p 005100027721
|q 005100027721
|t BK
|v τ.4:
|y 0
|z τ.4
|
| 852 |
|
|
|a INST
|b LESVOS
|e 20080410
|h 621.3678 REM
|p 005100039569
|q 005100039569
|t BK
|v τ.4:
|y 0
|z τ.4
|
| 852 |
|
|
|a INST
|b LESVOS
|e 20110211
|h 621.3678 REM
|p 005100049420
|q 005100049420
|t BK
|v τ.4:
|y 0
|z τ.4
|
| 853 |
|
|
|a INST
|b LESVOS
|h 621.3678 REM
|
| 853 |
|
|
|a INST
|b LESVOS
|h 621.3678 REM cdrom
|
| 901 |
|
|
|a BIBL1-2005-2
|
| 901 |
|
|
|a BIBL1-2008-1
|
| 901 |
|
|
|a BIBL1-2011-1
|
| 909 |
|
|
|a Λ
|b 116324
|
| 909 |
|
|
|a Λ
|b 120913
|
| 909 |
|
|
|a Λ
|b 143048
|
| 909 |
|
|
|a Λ
|b 137545
|
| 909 |
|
|
|a Λ
|b 166846
|
| 909 |
|
|
|a Λ
|b 166902
|
| 922 |
|
|
|a 1ΕΛΗ
|b 200410
|c ΕΠΕΑΕΚ2/ΤΓ
|d ΜΙΧΑΛΟΠΟΥΛΟΣ
|
| 922 |
|
|
|a 1ΕΛΗ
|b 200801
|c ΕΠΕΑΕΚ2/ΤΕΘ
|d ΠΑΠΑΣΩΤΗΡΙΟΥ
|
| 922 |
|
|
|a 1ΕΛΗ
|b 201101
|c ΤΑΚΤΙΚΟΣ ΒΙΒΛΙΟΘΗΚΗΣ
|d ΜΙΧΑΛΟΠΟΥΛΟΣ
|
| 950 |
|
|
|a 118-2004-09-22
|
| 970 |
|
|
|a ΚΑΡΑ
|b ΓΙΑΣΕΜΗ
|z 2005/05/18
|